Swedish Allsvenskan Football Badges - Statistics

General Stats
  • This quiz has been taken 125 times
  • The average score is 11 of 16
Answer Stats
Picture Answer % Correct
Malmö FF
94%
AIK
93%
BK Häcken
87%
IFK Göteborg
87%
Hammarby IF
81%
IF Elfsborg
79%
IK Sirius
74%
IFK Norrköping
71%
Djurgårdens IF
67%
IF Brommapojkarna
67%
GAIS
64%
Mjällby AIF
64%
Degerfors IF
59%
IFK Värnamo
54%
Östers IF
45%
Halmstads BK
38%
No matching quizzes found
Score Distribution
Percent of People with Each Score
Percentile by Number Answered
Your Score History
You have not taken this quiz